Statistics for Biggest NHL Trades

Click here to take the quiz!

General Stats

  • This quiz has been taken 1,697 times
  • The average score is 11 of 25

Answer Stats

HintAnswer% Correct
Martin St-Louis, 2014New York Rangers
85%
Patrick Roy, 1995Colorado Avalanche
83%
Mark Messier, 1991New York Rangers
70%
Eric Lindros, 1992Philadelphia Flyers
65%
Wayne Gretzky,1988Los Angeles Kings
62%
Ray Bourque, 2000Colorado Avalanche
61%
Joe Thornton, 2005San Jose Sharks
61%
Mats Sundin, 1994Toronto Maple Leafs
60%
Roberto Luongo, 2006Vancouver Canucks
60%
Ron Francis, 1991Pittsburgh Penguins
55%
Doug Gilmour, 1992Toronto Maple Leafs
50%
Chris Chelios, 1990Chicago Blackhawks
45%
Pat Lafontaine, 1991Buffalo Sabres
40%
Joe Nieuwendyk,1995Dallas Stars
37%
Phil Esposito, 1975New York Rangers
34%
Denis Savard, 1990Montreal Canadiens
33%
Thomas Vanek, 2013New York Islanders
28%
Ryan Miller, 2014Saint Louis Blues
24%
Dale Hawerchuck, 1990Buffalo Sabres
23%
Frank Mahovlich, 1968Detroit Red Wings
18%
Ryan Walter, 1982Montreal Canadiens
17%
Jacques Plante, 1963New York Rangers
15%
Wendel Clark, 1994Quebec Nordiques
15%
Lorne Worsley, 1963Montreal Canadiens
14%
Max Bentley, 1947Toronto Maple Leafs
13%

Score Distribution

Percentile by Number Answered

Percent of People with Each Score

Your Score History

You have not taken this quiz